Asamiya panchali kabya (Record no. 9457)

MARC details
000 -LEADER
fixed length control field 00496cam a2200205ua 4500
008 - FIXED-LENGTH DATA ELEMENTS--GENERAL INFORMATION
fixed length control field 190227n ii |||gr||||Z||||||asm
020 ## - INTERNATIONAL STANDARD BOOK NUMBER
International Standard Book Number 9788186384794
040 ## - CATALOGING SOURCE
Transcribing agency MAIN
041 ## - LANGUAGE CODE
-- asm
082 ## - DEWEY DECIMAL CLASSIFICATION NUMBER
Classification number 891.4513
100 ## - MAIN ENTRY--PERSONAL NAME
Personal name Hemanta Deka,
Relator term
245 ## - TITLE STATEMENT
Title Asamiya panchali kabya
250 ## - EDITION STATEMENT
Edition statement 1st ed.
260 ## - PUBLICATION, DISTRIBUTION, ETC.
Place of publication, distribution, etc. Guwahati:
Name of publisher, distributor, etc. Assam publishing company,
Date of publication, distribution, etc. 2013.
300 ## - PHYSICAL DESCRIPTION
Extent 246p.
942 ## - ADDED ENTRY ELEMENTS (KOHA)
Koha item type Books
653 ## - INDEX TERM--UNCONTROLLED
Uncontrolled term Assamese panchali literature
653 ## - INDEX TERM--UNCONTROLLED
Uncontrolled term Assamese poem
Holdings
Withdrawn status Lost status Damaged status Not for loan Home library Current library Shelving location Date acquired Total Checkouts Full call number Barcode Date last seen Copy number Price effective from Koha item type Date last checked out
        Central Library, Naharkatiya College Central Library, Naharkatiya College General Stacks 19/09/2020   891.4513Assamese poem | DEK 24415 19/09/2020 2 19/09/2020 Books  
        Central Library, Naharkatiya College Central Library, Naharkatiya College General Stacks 19/09/2020 1 891.4513Assamese poem | DEK 24416 01/03/2022 1 19/09/2020 Books 24/02/2022

Naharkatiya College © 2020. All rights reserved.

Powered By